|
|
|
|
| LEADER |
01183nam a2200337 a 4500 |
| 001 |
000531681 |
| 003 |
CZ BrMZK |
| 005 |
20111030094455.0 |
| 007 |
ta |
| 008 |
930122s1991 xr f 000 m cze d |
| 015 |
|
|
|a cnb000069157
|
| 020 |
|
|
|a 80-900252-8-5
|q (Brož.)
|
| 035 |
|
|
|a (OCoLC)39571417
|
| 040 |
|
|
|a BOA001
|b cze
|
| 041 |
1 |
|
|a cze
|a eng
|
| 080 |
|
|
|a 801.323=850=20
|2 MRF
|
| 100 |
1 |
|
|a Kriaková, Hana
|7 mzk2005269675
|4 aut
|
| 245 |
1 |
0 |
|a Česko-anglický, anglicko-český slovník /
|c Hana Kriaková, Jiří Znojemský
|
| 250 |
|
|
|a 2. vyd.
|
| 260 |
|
|
|a Brno :
|b Lingua centrum HE,
|c 1991
|
| 300 |
|
|
|a XXVII, 542 s. ;
|c 10 cm
|
| 490 |
1 |
|
|a Slovníky do kapsy
|
| 500 |
|
|
|a Zkratky
|
| 700 |
1 |
|
|a Znojemský, Jiří
|4 aut
|
| 830 |
|
0 |
|a Slovníky do kapsy (Lingua centrum HE)
|0 s
|
| 856 |
4 |
1 |
|u http://www.digitalniknihovna.cz/mzk/uuid/uuid:e5cd3590-81f1-11e4-a0ea-005056827e52
|y Digitalizovaný dokument
|x NDK
|
| 910 |
|
|
|a BOA001
|b S-0980.130
|b PK-A-0019.824
|
| 920 |
|
|
|a 000194905
|
| 964 |
|
|
|a Slovníky česko-anglické - slovníky anglicko-české
|
| 990 |
|
|
|a BK
|
| 996 |
7 |
|
|b 3119931821
|c PK-A-0019.824
|l MZK
|r Sklad / do 1 hodiny
|n 10
|w 000531681
|u 000020
|a 1
|e BOA001
|j MZK50
|s A
|